00857nam a2200205 a 450000100100000000500170001000800410002702000150006804000250008310000360010824500790014426001260022330000210034949000250037050000330039550000690042883000320049795201050052999900170063400004335920201002040838.0140311s2007 sp 001 0 spa d a8483470160 aDO-SdBNPbspacBNPHU1 aLuque Calderón, José97101210aCrónicas del Español Urgente "Luquesinas". /cJosé Luque Calderón. aMadrid, :bAgencia Española de Cooperación InternacionalbMinisterio de Asuntos Exteriores y de Cooperación,c2007. a372 p. ;c19 cm.1 aEspañol urgentev1 aIncluye índice analítico aIncluye datos biografícos del autor en la solapa de la portada 0aEspañol urgenten1971013 001050718MOaGRbGRcCTd2014-03-11iLF1l0o p43359-10r2020-06-25w2020-06-25y1ZNo se presta c42848d42848